| 000 | 00356nam a2200145Ia 4500 | ||
|---|---|---|---|
| 005 | 20250312061843.0 | ||
| 008 | 240331s9999 xx 000 0 und d | ||
| 082 |
_bEEL _a894 |
||
| 100 | _aEelavanan | ||
| 245 | 0 | _aAkkini pookal | |
| 260 |
_aColombo _bKalasam Publications _c1973 |
||
| 300 | _a72, p ., | ||
| 500 | _aA collection of Tamil poems | ||
| 942 | _cL | ||
| 999 |
_c3782 _d3782 |
||